000 01351nam0a2200337 4500
001 RU\NLR\bibl\123974
005 20260405055256.0
010 _a5-7997-0254-9
_9100
021 _aRU
_b2001-11278
_9529
035 _a(NLR Aleph) 000121420
090 _a691561
_c691561
100 _a20001215d2000 |||y0rusy50 ca
101 0 _arus
102 _aRU
105 _aa |||||||||
200 1 _aСтихотворения. Сонеты. Завет ушедших поколений
_fВ.И. Зубов
210 _aСПб.
_cНИИХ СПбГУ
_d2000
215 _a297 с.
_cпортр., нот.
_d20
300 _aНа 4-й с. обл. авт.: лауреат Гос. премии СССР акад. В.И. Зубов
316 _aАвтограф
_5NLR:2000-3/15593
327 1 _aСодерж.: Стихотворения; Апокалипсис. Завет ушедших поколений; Водородный век; Песни и романсы
686 _aЩ319.41(2)
686 _aЩ319.43(2)
686 _aШ6(2=Р)75я44
700 1 _4070
_8rus
_7ca
_aЗубов
_bВ.И.
_cрадиотехник
_f1930-2000
_gВладимир Иванович
_3RU\NLR\auth\7718819
_91895
801 0 _aRU
_bNLR
_c20001215
_gPSBO
801 1 _aRU
_bNLR
_c20001215
852 _aNLR
_j2000-3/15593
942 _cBOOK
980 _aNB